00957nam a22002297a 450000500170000001000150001702000260003203500140005803700090007208200080008124501550008925000100024426000430025427001040029730000520040150000150045370000240046870000280049294200430052099900190056395201450058220240524143230.0 aHIN-127705 c899.00a9789392568435 aHN-100051 bDBAD a370 aशिक्षा के मनोवेज्ञानिक परिपेक्ष्य /cEdited by Divya Sharma, Roli Tiwri and Shaista Ansari aFirst aChhattisgarh bAditi Publicationc2023 aOpp. New Panchajanya Vidya Mandir, Near Tiranga Chowk, Kushalpur, Raipur,bChhattisgarhk9425210308 a419पृ.c20सेमी (अजिल्द) aReferences 961637aTiwari, Roli a Ansari, Shaista961638 2ddccHNh370mशिक्षाके c203234d203234 001040708NFICaLbLd2024-05-24eDBADg899.00l0o370 शिक्षाकेpHN-100051r2024-05-24 00:00:00t1v899.00w2024-05-24yHN